00266nam a2200097 a 4500082001100000100001900011245006500030260003500095300001100130650002700141 a004ANA1 aAnand, Pankaj 10aAcamdeic's Dictionary of Computer and Information Technology aNew DelhibAcademc pub,c2006. a511 p. aDictionary of computer